جمع الفوائد من جامع الأصول و مجمع الزوائد / (رقم التسجيلة. 26673)

تفاصيل مارك
000 -الفاتح
عناصر البيانات ثابتة الطول 00610cam a2200169 i 4500
005 - تاريخ ووقت آخر معاملة
حقل ضبط 20251118102454.0
008 - عناصر البيانات ثابتة الطول
عناصر البيانات ثابتة الطول 250721s1985 cy gr 000 0 ara d
082 14 - رقم تصنيف ديوي العشري
رقم التصنيف 213
رقم المادة س ل ي
100 1# - مدخل رئيسي – اسم شخصي
الاسم الشخصي سليمان، محمد بن محمد
علاقة الشخص بالعمل/ دوره مؤلف.
245 10 - بيان العنوان
العنوان جمع الفوائد من جامع الأصول و مجمع الزوائد /
بيان المسؤولية الامام محمد بن محمد بن سليمان.
264 31 - بيانات النشر، التوزيع…إلخ
مكان النشر، التوزيع...إلخ قبرص :
اسم الناشر، الموزع...إلخ بنك فيصل الإسلامي،
تاريخ النشر، التوزيع...إلخ 1985.
300 ## - الوصف المادي
عدد الوحدات المكونة للوعاء 2 جزء.
650 17 - مدخل إضافي بالموضوع - مصطلح موضوعي
مصطلح موضوعي أو اسم جغرافي كعنصر مدخل الإسلام.
650 17 - مدخل إضافي بالموضوع - مصطلح موضوعي
مصطلح موضوعي أو اسم جغرافي كعنصر مدخل الحديث الشريف.
942 ## - بيانات إضافية (كوها)
نوع التنصيف Dewey Decimal Classification
نوع المادة (كوها) مراجع
المقتنيات
حالة السحب حالة الفقدان مصدر التصنيف حالة التلف غير قابل للإعارة المكتبة الرئيسية المكتبة الحالية موقع الرف تاريخ التزويد الرقم المتسلسل Total Checkouts رقم الإستدعاء الباركود تاريخ آخر ظهور تاريخ الفاتورة نوع المادة (كوها)
    Dewey Decimal Classification   Not For Loan المكتبة المركزية المكتبة المركزية مراجع 06/07/2004 125597   م / 213 / م ح م 125597 28/07/2025 06/07/2004 مراجع
    Dewey Decimal Classification   Not For Loan المكتبة المركزية المكتبة المركزية مراجع 06/07/2004 125598   م/ 213 / م ح م 125598 28/07/2025 06/07/2004 مراجع
Implemented & Customized by: BBB with SCIT (Smart Chains for Information Technology)

Powered by Koha